Entry Nombre personal
001 - NÚMERO DE CONTROL
- campo de control: 32559
003 - IDENTIFICADOR DE NÚMERO DE CONTROL
- campo de control: SpMaBN
005 - FECHA Y HORA DE LA ÚLTIMA TRANSACCIÓN
- campo de control: 20230703161406.0
008 - ELEMENTOS DE DATO DE LONGITUD-FIJA
- campo de control de longitud fija: 901120nn aijnnaabn a aaa
016 ## - NÚMERO DE CONTROL DE UNA AGENCIA BIBLIOGRÁFICA NACIONAL
- Número de control del registro: BNE19900031576
024 7# - IDENTIFICADOR DE OTROS ESTÁNDARES
- Número estándar o código: http://viaf.org/viaf/68926369/
- Fuente: viaf
024 8# - IDENTIFICADOR DE OTROS ESTÁNDARES
- Número estándar o código: https://data.cervantesvirtual.com/person/5215
024 7# - IDENTIFICADOR DE OTROS ESTÁNDARES
- Número estándar o código: https://isni.org/isni/0000000122812593
- Fuente: isni
024 7# - IDENTIFICADOR DE OTROS ESTÁNDARES
- Número estándar o código: http://www.wikidata.org/entity/Q51545
- Fuente: wikidata
040 ## - FUENTE DE CATALOGACIÓN
- Centro catalogador/agencia de origen: SpMaBN
- Lengua de catalogación: spa
- Centro/agencia transcriptor: SpMaBN
- Normas de descripción: rdc
- Convención/Normas de encabezamiento de materia/tesauro: embne
046 ## - FECHAS CON CODIFICACIÓN ESPECIAL
- Fecha de nacimiento: 1900
- Fecha de la muerte: 1983
100 1# - ENCABEZAMIENTO-NOMBRE DE PERSONA
- Nombre de persona: Buñuel, Luis,
- Fechas asociadas al nombre: 1900-1983
370 ## - LUGAR ASOCIADO
- Lugar de nacimiento: Calanda, Teruel, España
- Fuente de información: (Wikidata)
- Número de control del registro de autoridad o número normalizado: XX452275
373 ## - GRUPO ASOCIADO
- Grupo asociado: Academia Estadounidense de las Artes y las Ciencias
- Fuente de información: Wikidata
373 ## - GRUPO ASOCIADO
- Grupo asociado: Ateneo de Madrid
- Fuente de información: Listado de socios anteriores a 1 de abril de 1939 (Archivo del Ateneo); Ateneístas ilustres I (2004)
374 ## - OCUPACIÓN
- Ocupación: Escritores
- Ocupación: Editor de cine
- Ocupación: Actores
- Ocupación: Guionistas
- Ocupación: Directores de cine
- Fuente de información: Wikidata
375 ## - GÉNERO/SEXO
- Género: Masculino
377 ## - IDIOMA ASOCIADO
- Término de lengua/lenguaje: Español
400 1# - TRAZADO DE VÉASE--NOMBRE DE PERSONA
- Nombre de persona: Buñuel Portolés, Luis
- Fechas asociadas al nombre: 1900-1983
400 1# - TRAZADO DE VÉASE--NOMBRE DE PERSONA
- Nombre de persona: Bunuel, Luis
- Fechas asociadas al nombre: 1900-1983
670 ## - FUENTE DE DATOS ENCONTRADOS
- Cita de la fuente: Mi último suspiro, 1982
- Información encontrada: port. (Luis Buñuel)
670 ## - FUENTE DE DATOS ENCONTRADOS
- Cita de la fuente: Dic. de literatura española e hispanoamericana, 1993
- Información encontrada: (Buñuel, Luis (Calanda, Teruel, 1900-México, D.F., 1983))
670 ## - FUENTE DE DATOS ENCONTRADOS
- Cita de la fuente: Film index International, 1997
- Información encontrada: (Luis Buñuel ; direction, scripting, cast ; b. 1900 ; d. 1983)
670 ## - FUENTE DE DATOS ENCONTRADOS
- Cita de la fuente: Galería de retratos, 2004
- Información encontrada: p. 50 (Luis Buñuel Portolés)
670 ## - FUENTE DE DATOS ENCONTRADOS
- Cita de la fuente: WWW IMDB, 06-10-2009
- Información encontrada: (Luis Buñuel; b. 1900, Calanda, Teruel, Aragón, Spain, d. 1983, Mexico; alternate names, Luis Fernandez Breton, Louis Bunuel, Luis Bunuel, Bunuel; writer, director, actor, producer, composer)
670 ## - FUENTE DE DATOS ENCONTRADOS
- Cita de la fuente: WWW BN España aut., 30/5/2023
- Información encontrada: (Buñuel, Luis, 1900-1983)
678 ## - DATOS BIOGRÁFICOS O HISTÓRICOS
- Datos biográficos o históricos: Socio del Ateneo de Madrid n. 11153
- Ampliación de la nota: Fuentes: Listado de socios anteriores a 1 de abril de 1939 (Archivo del Ateneo); Ateneístas ilustres I (2004)
